1286 1707 1311 1785 1446 1478 1501 1977 1943 1832 1993 1078 1243 1983 1038 1841 1184 1438 1459 1422 1277 1550 1094 1498 1794 1569 1876 1591 1001 1980 1541 1365 1367 1221 1025 1733 1544 1079 1810 1675 1908 1389 1891 1903 1554 1933 1702 1822 1099 1896 1686 1427 1912 1868 1084 1324 1786 1776 1693 1568 1559 1343 1798 1330 1206 1022 1854 1121 1957 1486 1530 1033 1524 1993 1486 1464 1061 1306 1971 1757 1862 1068 1229 1481 1178 1227 1778 1024 1068 1519 1577 1599 1790 1497 1541 1938 1033 1118 1196 BCNSPRNW ULIB Ver.6.0+V

เปลี่ยนเป็นภาษาไทย

Change to English
 แสดงรายละเอียดบรรณานุกรม
  กลับหน้าหลัก

Brief Record : Get Marc (ISO 2709) : E-mail record : QR code < ปิดหน้าต่าง
LEADER : 00000nam 2200000uu 4500
001    13399121366
003     ULIB
008    121022s2555||||th 000 0 tha d
099    วจ.WB400^bน196ผ
100 0  นภา ทองกิจ และคนอื่นๆ
245 00 ผลการให้บริการวิชาการความรู้เรื่องอาหาร ของนักเรียนมัธยมศึกษาตอนต้น โรงเรียนสะอาดวิทยาคม อำเภอวังทอง จังหวัดพิษณุโลก/^cนภา ทองกิจ และคนอื่นๆ
260    พิษณุโลก:^bวิทยาลัยการสาธารณสุขสิรินธร จังหวัดพิษณุโลก,^c2555
300    41 หน้า,ภาคผนวก
650  7 ยาเสพติด^xวิจัย
945    ^p0^l0^i033097
995    ทศพร
999    ^aใช้งานได้ทุกระบบ
รายการนี้ยังไม่มีแท็ก
คุณยังไม่ได้ล็อกอิน คุณสามารถมีกิจกรรมร่วมกับเว็บไซต์ได้ แต่ต้องล็อกอินก่อน ::
  ล็อกอิน

รายการสื่อสารสนเทศ

ลำดับที่ ประเภท เลขเรียก/บาร์โค้ด สถานที่ สถานะ
1. งานวิจัย
งานวิจัย
วจ.WB400 น196ผ ฉ.1 
  Barcode: 033097
ห้องสมุดวิทยาเขตสวรรค์ประชารักษ์
►วิจัย
บนชั้น

รายการใกล้เคียง
    ผู้แต่ง [นภา ทองกิจ และคนอื่นๆ]

BibComment


ยังไม่เคยถูกคอมเมนท์

คอมเมนท์ทรัพยากรรายการนี้
  คอมเมนท์: ผลการให้บริการวิช..


 Copyright 2026. Bcnsprnw @Library